Savills UK commercial development activity PMI: August 2006 (Record no. 105803)

MARC details
000 -LEADER
fixed length control field 01163cam a2200229 4500
001 - CONTROL NUMBER
control field ##L134790
008 - FIXED-LENGTH DATA ELEMENTS--GENERAL INFORMATION
fixed length control field 060831n2006 000 0 eng u
035 ## - SYSTEM CONTROL NUMBER
System control number (Sirsi) u134790
041 0# - LANGUAGE CODE
Language code of text/sound track or separate title eng
050 04 - LIBRARY OF CONGRESS CALL NUMBER
Classification number 333.33 $2 18
110 2# - MAIN ENTRY--CORPORATE NAME
Corporate name or jurisdiction name as entry element Savills
9 (RLIN) 2020
245 00 - TITLE STATEMENT
Title Savills UK commercial development activity PMI: August 2006
260 ## - PUBLICATION, DISTRIBUTION, ETC.
Place of publication, distribution, etc. London
Name of publisher, distributor, etc. Savills
Date of publication, distribution, etc. 2006
490 #0 - SERIES STATEMENT
Series statement Savills UK Commercial Development Activity PMI
Volume/sequential designation August 2006
520 ## - SUMMARY, ETC.
Summary, etc. Levels of commercial development continue to be high, and commercial construction companies have reported a growth in public and private sector activity. The strongest growth was in areas outside London and south east England. Developers are still optimistic about growth over the next three months, and are most optimistic about office construction activity. Tables and graphs.
590 ## - LOCAL NOTE (RLIN)
Local note IKA050906
650 24 - SUBJECT ADDED ENTRY--TOPICAL TERM
Topical term or geographic name entry element SAVILLS UK COMMERCIAL DEVELOPMENT ACTIVITY PMI
651 #4 - SUBJECT ADDED ENTRY--GEOGRAPHIC NAME
Geographic name UNTED KINGDOM
690 ## - LOCAL SUBJECT ADDED ENTRY--TOPICAL TERM (OCLC, RLIN)
Topical term or geographic name as entry element PROPERTY-COMMERCIAL PROPERTY-COMMERCIAL PROPERTY DEVELOPMENT
856 40 - ELECTRONIC LOCATION AND ACCESS
Uniform Resource Identifier <a href="https://www.savills.co.uk">https://www.savills.co.uk</a>
Public note View the item free of charge (requires registration) at www.savills.co.uk...
942 ## - ADDED ENTRY ELEMENTS (KOHA)
Suppress in OPAC 0
Holdings
Withdrawn status Lost status Source of classification or shelving scheme Damaged status Not for loan Home library Current library Shelving location Date acquired Total Checkouts Full call number Barcode Date last seen Copy number Price effective from Koha item type
    Dewey Decimal Classification     Virtual Virtual Online 31/08/2006   ONLINE PUBLICATION 134790-1001 06/08/2019 1 06/08/2019 Book